000 00539nam a22001937a 4500
003 KOHA_MİRAKIL
005 20251006090706.0
008 251006b tu ||||| |||| 00| 0 tur d
020 _a9786258143447
040 _aTR-AnABB
_btur
_cTR-AnABB
041 _atur
082 _a813.42
_bERO 2023
100 1 _aEroğlu, Haldun,
245 1 0 _aYıldızlar küserken /
_cHaldun Eroğlu
260 _aİstanbul :
_bPost Yayın Dağıtım,
_c2023
300 _a309 sayfa ;
_c21 cm
650 0 4 _aTürk edebiyatı, roman
942 _2ddc
_cBK
999 _c9088
_d9088
900 _bGizem YORULMAZ